| 000 | 00000nam 22000008a 4500 |
| 001 | 9.834743 |
| 003 | CaOODSP |
| 005 | 20240527135430 |
| 007 | cr ||||||||||| |
| 008 | 170404s2017 quc o f00| 0 eng d |
| 020 | |a978-0-660-08189-2 |
| 040 | |aCaOODSP|beng |
| 043 | |an-cn--- |
| 086 | 1 |aCW66-550/2017E-PDF |
| 245 | 00|aCreating targeted habitat for wildlife in the Greater Toronto Area |h[electronic resource]. |
| 260 | |a[Gatineau, Quebec] : |bEnvironment and Climate Change Canada, |c[2017]. |
| 300 | |a[1] p. |
| 500 | |aIssued also in French under title: Créer un habitat ciblé pour la faune dans la région du Grand Toronto. |
| 500 | |aCaption title. |
| 500 | |a"Habitat Stewardship Program - Prevention Stream." |
| 692 | 07|2gccst|aWildlife |
| 692 | 07|2gccst|aHabitats |
| 710 | 2 |aCanadian Wildlife Service. |
| 775 | 08|tCréer un habitat ciblé pour la faune dans la région dans la région du Grand Toronto |w(CaOODSP)9.834744 |
| 856 | 40|qPDF|s359 KB|uhttps://publications.gc.ca/collections/collection_2017/eccc/CW66-550-2017-eng.pdf |